Guess the One Direction song with no hints #3 - Statistics

General Stats
  • This quiz has been taken 93 times
  • The average score is 265 of 367
Answer Stats
Answer % Correct
a
100%
I
100%
You
100%
you
100%
you,
100%
he
97%
and
95%
And
95%
be
95%
the
95%
The
95%
me
94%
me,
94%
on
92%
We
92%
can
89%
it
89%
to
89%
my
88%
when
88%
When
88%
your
88%
Your
88%
in
86%
where
86%
know
83%
like
82%
can't
80%
If
80%
if
80%
what
80%
you're
80%
I'm
79%
it's
79%
of
79%
that
79%
don't
77%
is
77%
(Yeah,
74%
yeah,
74%
yeah)
74%
(Yeah!)
74%
I'll
73%
were
71%
we're
71%
just
70%
baby,
67%
heart
67%
feel
65%
Feel
65%
night
65%
but
64%
girl
64%
this
64%
All
62%
call
62%
Let
62%
how
61%
look
61%
good
59%
have
59%
not
59%
up
59%
doesn't
58%
time,
58%
at
56%
fix
55%
fix,
55%
need
55%
temporary
55%
tonight
55%
feelin'
53%
now,
53%
Now
53%
now
53%
body
52%
even
52%
lonely
52%
mind
52%
off,
52%
off
52%
sleep,
52%
with
52%
first
47%
Saw
47%
control
44%
we'll
44%
Well,
44%
looking
42%
ow!
42%
There's
42%
touch
42%
kind
41%
somebody,
41%
own
39%
they're
39%
read
38%
right
38%
attention,
36%
care
36%
lips
36%
taxi
36%
T-shirt
36%
language
35%
taking
35%
watchin'
35%
who's
35%
darkness
33%
feeling
33%
million
33%
over
33%
speakin'
33%
Standing
33%
tired
33%
waking
33%
caught
32%
climb
32%
everything,
32%
told
32%
while
32%
backseat
30%
Hey,
30%
hey!
30%
neck
30%
vice
30%
calling
29%
locked
29%
anything
26%
Climbing
26%
saying
26%
lights,
24%
weakness
24%
body's
21%
roll
20%
see's
18%
hooked
12%
No matching quizzes found
Score Distribution
Percent of People with Each Score
Percentile by Number Answered
Your Score History
You have not taken this quiz